zpět

Detail výsledku týmu

Metro Music Pub, Most

Datum a čas kvízu

36.5 Celkem bodů Celkový počet nahraných bodů na tomto kvízu bez doplňovacích otázek.
3. Pořadí na kvízu Konečné umístění týmu na tomto kvízu.

Zaznamenané odpovědi

# Otázka Odpověď Body Výsledky
1. Minulé úterý jsme si mohli pov... autismus, modrá barva 0.5
2. V požehnaném věku minulý týden... 114 let 0
3. V úterý začal vysílat v Česku... Warner TV 1
4. Minulý týden jsme se dozvěděli... Portál občana 1
5. Německý fotbalový svaz bude mu... čísla 44 1
6. Nobelovu cenu za objev krevníc... Jan Janský 1
7. Kterým slovem na M se označuje... menarche/menarché 1
8. Vyberte pravdivé tvrzení: D 1
9. Za půl bodu napište, jak se na... Alexej; hemofilie 0.5
10. Někteří bezobratlí živočichové... hemolymfa; krvomíza 1